| 000 -LEADER | |
|---|---|
| fixed length control field | 00422nam a22001697a 4500 |
| 005 - DATE AND TIME OF LATEST TRANSACTION | |
| control field | 20210909111128.0 |
| 008 - FIXED-LENGTH DATA ELEMENTS--GENERAL INFORMATION | |
| fixed length control field | 181006b xxu||||| |||| 00| 0 eng d |
| 020 ## - INTERNATIONAL STANDARD BOOK NUMBER | |
| ISBN | 978-81-8609-970-4 |
| 041 ## - LANGUAGE CODE | |
| Language code of text/sound track or separate title | eng |
| 100 ## - MAIN ENTRY--AUTHOR NAME | |
| Personal name | Katyayan,ARUN |
| 245 ## - TITLE STATEMENT | |
| Title | Fundamentals of Agriculture Volume I |
| 250 ## - EDITION STATEMENT | |
| Edition statement | 7th |
| 260 ## - PUBLICATION, DISTRIBUTION, ETC. (IMPRINT) | |
| Place of publication | Varanasi |
| Name of publisher | Kaushal Publiction |
| Year of publication | 2018 |
| 300 ## - PHYSICAL DESCRIPTION | |
| Number of Pages | 475 |
| 650 ## - SUBJECT ADDED ENTRY--TOPICAL TERM | |
| Topical Term | Agriculture |
| 942 ## - ADDED ENTRY ELEMENTS (KOHA) | |
| Koha item type | Books |
| Lost status | Damaged status | Collection code | Home library | Current library | Shelving location | Date acquired | Source of acquisition | Cost, normal purchase price | Full call number | Accession Number | Koha item type |
|---|---|---|---|---|---|---|---|---|---|---|---|
| AGRICULTURE | JRU Library | JRU Library | SHELF-2-D | 06/10/2018 | Purchase | 300.00 | 630 | 22410 | Books | ||
| AGRICULTURE | JRU Library | JRU Library | SHELF-46-I | 06/10/2018 | Purchase | 300.00 | 22411 | Books | |||
| AGRICULTURE | JRU Library | JRU Library | SHELF-46-I | 06/10/2018 | Purchase | 300.00 | 22412 | Books | |||
| AGRICULTURE | JRU Library | JRU Library | SHELF-15-C | 06/10/2018 | Purchase | 300.00 | 22413 | Books | |||
| AGRICULTURE | JRU Library | JRU Library | SHELF-15-C | 06/10/2018 | Purchase | 300.00 | 22414 | Books | |||
| AGRICULTURE | JRU Library | JRU Library | SHELF-46-I | 06/10/2018 | Purchase | 300.00 | 22415 | Books |